000 00620nam a2200253Ia 4500
003 OSt
005 20221007105909.0
006 a|||||r|||| 00| 0
007 ta
008 221006b |||||||| |||| 00| 0 eng d
024 _a19,829
037 _cTextual
040 _aLCO
_cLCO
_beng
041 _2eng
_aeng
082 _aZ2,181, L1
100 _aMehta G.L
245 0 _aIndian Company Law
250 _a3rd
260 _aNew
_bDelhi Indian Investment Centre India
_c1971
300 _a166
650 _aCOMPANY LAW
942 _hZ2,181, L1
_cTEXL
999 _c1189392
_d1189392